LEADER 00944nam0-22003371i-450- 001 990005861600403321 005 20100906112428.0 010 $a88-7989-011-5 035 $a000586160 035 $aFED01000586160 035 $a(Aleph)000586160FED01 035 $a000586160 100 $a20000421d1993----km-y0itay50------ba 101 0 $aita 105 $ay-------001yy 200 1 $a<>sogno tedesco$ela nuova Germania e la coscienza europea$fAngelo Bolaffi 210 $cDonzelli$dc1993$aRoma 215 $aVIII, 158 p.$d18 cm 225 1 $aInterventi$v5 610 0 $aGermania 676 $a943.0879$v21$zita 700 1$aBolaffi,$bAngelo$f<1946- >$0127543 801 0$aIT$bUNINA$gRICA$2UNIMARC 901 $aBK 912 $a990005861600403321 952 $aCOLLEZ. 1602 (5)$b22311$fFSPBC 952 $a943.087 BOL 1$bBIBL.28282$fFLFBC 959 $aFLFBC 959 $aFSPBC 996 $aSogno tedesco$9564960 997 $aUNINA LEADER 01246nam2 22003131i 450 001 VAN00036663 005 20240806100402.23 010 $a04-7150-447-5 100 $a20050527d1953 |0itac50 ba 101 $aeng 102 $aUS 105 $a|||| ||||| 200 0 $a1$fby R. Courant and D. Hilbert 205 $a1. English ed. translated and revised from the German original 210 $aNew York$cWiley$d1953 215 $aXV, 561 p.$d24 cm 461 1$1001VAN00036662$12001 $aMethods of mathematical physics$fby R. Courant and D. Hilbert$1210 $aNew York$cWiley$1215 $a2 volumi$d24 cm$v1 620 $aUS$dNew York$3VANL000011 676 $a530.15$v21 700 1$aCourant$bRichard$3VANV023128$0331066 702 1$aHilbert$bDavid$3VANV030684 712 $aWiley $3VANV108092$4650 790 1$aCourant, R.$zCourant, Richard$3VANV262009 801 $aIT$bSOL$c20260410$gRICA 899 $aBIBLIOTECA DEL DIPARTIMENTO DI INGEGNERIA$1IT-CE0100$2VAN05 912 $aVAN00036663 950 $aBIBLIOTECA DEL DIPARTIMENTO DI INGEGNERIA$d05PREST D 294 $e05 1925 20050527 996 $aMethoden der mathematischen Physik. Bd. 1$93870595 997 $aUNICAMPANIA